| 000 | 00593nam a22001817a 4500 | ||
|---|---|---|---|
| 005 | 20251108175820.0 | ||
| 008 | 250721s2019 xx 000 0 ara d | ||
| 082 | 1 | 4 | _a658.403/زهر |
| 100 | 1 | _aالزهراء، مهديد فاطمة | |
| 245 | 1 | 0 | _aالثقافة التنظيمية و عملية صنع القرار بمنظمات الاعمال / |
| 264 | 1 |
_aعمان : _bزمزم ناشرون و موزعون، _c2019. |
|
| 300 | _a207ص. | ||
| 650 | 1 | 7 | _aالادارة |
| 650 | 1 | 7 | _aاتخاذ القرارات |
| 650 | 1 | 7 | _aالقيادة |
| 942 |
_2ddc _cBK |
||
| 999 |
_c143081 _d143081 |
||